01974agaaa2200313 45000010005000000030009000050050017000140070009000310080040000400400023000800410013001031000049001161300022001652400026001872450175002132460019003882500022004072600136004293000034005655080143005995110090007425200565008325380016013975460013014136500057014267000061014837000063015447000053016075203IT-RoPAU20220918181228.0d cvaizq50131s9999||||xx ||| | || ||und|| aIT-RoPAUcIT-RoPAU aITALIANO aBrooks James L.gCodice regista SPICS: 58031 aDENTRO LA NOTIZIA aBROADCAST NEWSgT3468 aDENTRO LA NOTIZIAcProdotto da: Brooks James L. -- Sceneggiatura: Brooks James L. -- Diretto da: Brooks James L.pDENTRO LA NOTIZIA (Rif. Codice opera principale : H5203) aBROADCAST NEWS aEdizione Standard a(USA)b20TH CENTURY FOX -AMERCENT FILMS - GRACIE / Distribuzione: IL FOGLIO CINEMAg"1987 (1° ed.: 2004 ; Ed. Lingua Orig.: 1987)" aDVDbsonoro, col.c127 minuti a"Fotografia: Ballhaus Michael; Montaggio: Marks Richard; Musica: Conti Bill; Sceneggiatura: Brooks James L.; Scenografia: Rosen Charles; " a"Hurt William; Hunter Holly; Brooks Albert; Nicholson Jack; Chiles Lois; Cusack Joan" aNON CI POSSONO FARE NULLA. ERANO GIA' COSI' DA BAMBINI. TOM E' UN ANCHORMAN IN ASCESA, JANE UNA PRODUCER CON GRANDE MESTIERE E UNA COSCIENZA ADEGUATAARON UN REPORTER DI VALORE E ONESTA' PROVATA, MA INCAPACE DI BUCARE LO SCHERMO. TRE VITE SI INCONTRANO E SI SCONTRANO NELLA REDAZIONE DI UN GRANDE NETWORK TELEVISIVO. NASCONO E MUOIONO AMORI, SI ACCENDONO E SI SPENGONO RIVALITA' E SOLIDARIETA'. C'E', IN CHIAVE DI COMMEDIA MESTA, UN DISCORSO SULLA MORALE DEL MESTIERE DI GIORNALISTA (TELEVISIVO). GIORNALISMO, ARRIVISMO, TELEVISIONE. REDAZIONE GIORNALISTICA TV. aPAL, STEREO aITALIANO aCOMMEDIAeDVD-FILM [DVD]xCodice MATERIA SPICS: 9947 aBrooks James L. e(regista)gCodice regista SPICS: 58031 aBrooks James L. e(soggetto)gCodice Soggetto SPICS: 58031 aConti Bille(musica)gCodice Musica SPICS: 18902